000 nam a22 a 4500
999 _c355534
_d355534
003 BLK
005 20220222170223.0
008 200416b bu ||||| |||| 00| 0 bu d
040 _aBLK
041 _aBUL
_cBUL
080 _aПолитически партии и движения
_b329
_x(497.2)
_z329(497.2)
139 _aТринадесетмесечното властвувание на лъжелибералците в Българското княжество
_bТ 83
245 _aТринадесетмесечното властвувание на лъжелибералците в Българското княжество
257 _aBGR
260 _aРусчук
_c1881
_fбързопеч. на в. Българин
300 _a56 с.
_c17 см
380 _a3
490 _9435080
_aКолекция Редки и ценни издания
653 7 _9193394
_aпартии
653 7 _9189870
_aлиберали
852 _aРб 881
_bРц
852 _aК 32/Т 83
942 _cKNG
_n0
_s1
944 _c2020-04-16
_kВаля Йорданова
999 _d355534
999 _d355534